Statistics for Drivers Who Have Competed in All Three Major Circuits

Click here to take the quiz!

General Stats

  • This quiz has been taken 11 times
    (8 since last reset)
  • The average score is 7 of 10

Answer Stats

HintAnswer% Correct
Brazilian driver, son of Emerson(I think)Christian Fittipaldi
100%
Canadian driver, 1995 Indy
500 winner and 1997 F1
World Champion
Jacques Villeneuve
100%
Danish driver, father of KevinJan Magnussen
100%
American driver, 1978 F1
World Champion
Mario Andretti
100%
Colombian driver, three
Indy 500 wins
Juan Pablo Montoya
80%
British driver, two-time F1
World Champion and 1965
Indy 500 winner
Jim Clark
60%
American driver(Sorry for the
lack of clues but IDK if he's
done anything significant)
Scott Speed
60%
American driver, father of GrahamBobby Rahal
40%
American driver, 4 F1 winsDan Gurney
40%
American driver, 1986 Indy 500 winnerBobby Unser
20%

Score Distribution

Percentile by Number Answered

Percent of People with Each Score

Your Score History

You have not taken this quiz since the last reset